000 00404nam a2200169Ia 4500
008 230524s9999 xx 000 0 und d
020 _a9789332901902
082 _a628
_bGHE
100 _aTerence McGhee
_941497
245 0 _aWater Supply and Sewerage
250 _a6
260 _aNew Delhi
_bMGH
_c2014
300 _a"xiii,575p;"
500 _aQuantity Number: 1
650 _aCivil
942 _cBK
999 _c55765
_d55765